Trombinoscope My Hero Academia - Statistiques

Statistiques générales
  • Ce quiz a été pris 396 fois
  • Le résultat moyen est 58 sur 100
Statistiques - réponses
Hint Réponse % Correct
Toshinori Yagi / All Might
84%
Denki Kaminari / Chargéclair
82%
Eijiro Kirishima / Red Riot
82%
Izuku Midoriya / Deku
82%
Shoto Todoroki / Shoto
82%
Enji Todoroki / Endeavor
82%
Ochaco Uraraka / Uravity
81%
Tsuyu Asui / Froppy
81%
Katsuki Bakugo / Dynamight
81%
Toru Hagakure / Invisible Girl
80%
Hizashi Yamada / Present Mic
80%
Shota Aizawa / Eraser Head
80%
Fumikage Tokoyami / Tsukuyomi
79%
Minoru Mineta / Grape Juice
79%
Toya Todoroki / Dabi / Crématorium
79%
Eri
79%
Kyoka Jiro / Earphone Jack
78%
Mina Ashido / Pinky
78%
Keigo Takami / Hawks
78%
Mirio Togata / Lemillion
78%
Tetsutetsu Tetsutetsu / Real Steel
77%
Chizome Akaguro / Stain
77%
Tsunagu Hakamata / Best Jeanist
77%
Zen Shigaraki / All For One
76%
Momo Yaoyorozu / Creaty
76%
Taishiro Toyomitsu / Fat Gum
76%
Tenya Iida / Ingénium
76%
Tenko Shimura / Tomura Shigaraki
76%
Yu Takeyama / Mount Lady
75%
Sorahiko Torino / Gran Torino
75%
Kai Chisaki / Overhaul
74%
Oboro Shirakumo / Black Mist
74%
Chiyo Shuzenji / Recovery Girl
74%
Hanta Sero / Cellophane
73%
Jin Bubaigawara / Twice
72%
Gigantomachia
71%
Kugo Sakamata / Gang Orca
71%
Nemuri Kayama / Midnight
71%
Shuichi Iguchi / Spinner
70%
Manami Aiba / La Brava / Love Lover
70%
Yuga Aoyama / Can't stop twinkling
70%
Cathleen Bate / Star and Stripe
69%
Ken Ishiyama / Cementos
69%
Mashirao Ojiro / Tail Man
69%
Shinji Nishiya / Dieu Sylvestre
69%
Himiko Toga
68%
Rikido Sato / Sugar Man
67%
Imasuji Goto / Muscular
67%
Mirai Sasaki / Sir Nighteye
66%
Mei Hatsume
64%
Koji Koda / Anima
63%
Danjuro Tobita / Gentle
63%
Nejire Hado / Nejire
63%
Rumi Usagiyama / Mirko
62%
Tamaki Amajiki / Sun Eater
61%
Mezo Shoji / Tentapoulpe
61%
Kota Izumi
61%
Nana Shimura
60%
Ectoplasm
59%
Rikiya Yotsubashi / Re-Destro
59%
Inasa Yoarashi / Ouragan
58%
Shinya Kamihara / Edgeshot
58%
Atsuhiro Sako / Mister Compress
56%
Anan Kurose / Numéro 13
56%
Ken Takagi / Lock Lock
52%
Kaina Tsutsumi / Lady Nagant
52%
Hitoshi Shinso / Night Hide
51%
Nezu
50%
Neito Monoma / Phantom Thief
49%
Ibara Shiozaki / Vine
49%
Moe Kamiji / Burnin
47%
Emie Fukukado / Miss Joke
47%
Ryuko Tatsuma / Ryukyu
47%
Yoichi Shigaraki
47%
Sekijiro Kan / Vlad King
47%
Masaki Mizushima / Manual
41%
Itsuka Kendo / Battle Fist
41%
Camie Utsushimi
40%
Kenji Hikiishi / Magnet
38%
Kinoko Komori / Magirolle
38%
Tomoyasu Chikazoku / Skeptic
37%
Juzo Honenuki / Mudman
37%
Setsuna Tokage / Lyzardy
34%
Ryuko Tsuchikawa / Pixie-Bob
33%
Apocrypha
30%
Crust
27%
Selkie
26%
Enma Kannagi / Majestic
26%
Daruma Ujiko / Kyudai Garaki
25%
Kagero Okuta / Giran
23%
Yui Kodai / Rule
23%
Yawara Chatora / Tora
21%
Tatsuyuki Tokoname / Slinding Go
18%
Seiji Shishikura
16%
Uwabami
15%
Tatami Nakagame
13%
Koku Hanabata / Trumpet
13%
Toya Setsuno
10%
Mera Yokumiru
10%
Soramitsu Tabe
9%
Aucun quiz correspondant
Distribution des résultats
% des personnes avec chaque résultat
Percentile par nombre de réponses
Votre historique - résultats
Vous n’avez pas pris ce quiz